00806cam a2200193 a 4500001001000000003000400010005001700014008004100031040002500072082001600097100003300113245016200146260011400308300002400422500003200446500007300478650002600551650003500577000015747OSt20200929164134.0780223s1976 uy a f000 0 spa  aDO-SdBNPbspacBNPHU a079.8bA1851 aGarcia, Flavio A.d1913-199804aLos Acontecimientos de 1825 en la provincia Oriental a través de la prensa rioplatense :bpresentación, selección periodística /cFlavio A. García  aMontevideo :bComisión Nacional de Homenaje del Sesquicentenario de los Hechos Históricos de 1825,c1976. av. :bil. ;c24 cm. aLa biblioteca posee el v. 1 aIncluye referencias bibliográficas y notas al pie de las páginas 4aPeriodismozArgentina 4aOpinión públicazArgentina